00466nam a2200181Ia 4500003000900000008004100009020001800050040001600068080001600084100001200100245004300112260002700155300002300182650001800205650002100223650001800244650002200262IN-BaIIA211028s9999 xx 000 0 eng d a0-07-052889-6 cIIA Library a681.31bHIL aHill, B 0aCISCObthe complete referencecB. Hill bTata McGraw-Hillc2002 axxviii, 160p. + cd aCisco Routing aCisco Technology aLAN Switching aNetworking Basics